Random dog breeds - Statistics

General Stats
  • This quiz has been taken 36 times
  • The average score is 12 of 15
Answer Stats
Picture Answer % Correct
Bulldog
97%
Dalmatian
97%
Beagle
94%
Corgi
94%
German Shepherd
94%
Chow Chow
88%
St. Bernard
88%
Great Dane
85%
Australian Shepherd
79%
French Bulldog
79%
Greyhound
79%
Shar Pei
76%
Border Collie
73%
Yorkie
67%
Basenji
55%
No matching quizzes found
Score Distribution
Percent of People with Each Score
Percentile by Number Answered
Your Score History
You have not taken this quiz